000 00391nam a2200169Ia 4500
008 210210b1946 xxu||||| |||| 00| 0 eng d
041 _aeng
082 _a535/132
100 _aSPROULL (Wayne T)
245 _aXrays in practice
260 _aNew York
_bMcGraw Hill Book Co
_c1946
300 _a616
650 _aXrays
650 _apractice
690 _aElectricity
906 _a008750
999 _c127523
_d127523